V západních zemích teď máme šanci

Podľa vyjadrenia Daniela Tinza, prevádzkového riaditeľa skupiny Packeta, ktorá je majiteľom logisticko-technologickej firmy Zásilkovna, na západných trhoch začali zákazníci počas koronavírusovej krízy, okrem kvality služieb zohľadňovať aj ich cenu. Zásilkovna poskytuje logistické služby internetovým...

Ausführliche Beschreibung

Gespeichert in:
Bibliographische Detailangaben
1. Verfasser: Hubička, Filip
Format: Buchkapitel
Sprache:Tschechisch
Schlagworte:
Tags: Tag hinzufügen
Keine Tags, Fügen Sie das erste Tag hinzu!

MARC

LEADER 00000naa a2200000 4500
001 0269207
005 20201014155515.1
041 0 |a cze 
044 |a CZ 
245 1 0 |a V západních zemích teď máme šanci  |c Filip Hubička 
500 |a Logistika v e-commerce (speciální příloha časopisu Logistika) 
520 |a Podľa vyjadrenia Daniela Tinza, prevádzkového riaditeľa skupiny Packeta, ktorá je majiteľom logisticko-technologickej firmy Zásilkovna, na západných trhoch začali zákazníci počas koronavírusovej krízy, okrem kvality služieb zohľadňovať aj ich cenu. Zásilkovna poskytuje logistické služby internetovým obchodom a plánuje expanziu aj do krajín Stredného a Blízkeho východu, do Číny a do Indie. 
610 2 0 |a služby 
610 2 0 |a zasielateľstvo 
610 2 0 |a kvalita služieb 
610 2 0 |a ceny 
610 2 0 |a firmy 
610 2 0 |a služby logistické 
610 2 0 |a obchod elektronický 
100 1 |a Hubička, Filip